The psychological impact of the partition of India / (Record no. 165544)

MARC details
000 -LEADER
fixed length control field 00658nam a22002057a 4500
005 - DATE AND TIME OF LATEST TRANSACTION
control field 20190621150615.0
010 ## - LCCN (DPL NO)
LC control number ENG-125705
020 ## - INTERNATIONAL STANDARD BOOK NUMBER
International Standard Book Number 9789352806508
Terms of availability 850.00
035 ## - SYSTEM CONTROL NUMBER
System control number EN-109237
037 ## - SOURCE OF ACQUISITION
Source of stock number/acquisition DBAD/PUB
082 ## - DEWEY DECIMAL CLASSIFICATION NUMBER
Classification number 362.196
245 ## - TITLE STATEMENT
Title The psychological impact of the partition of India /
Statement of responsibility, etc ed. by Sanjeev Jain [and] Alok Sarin
260 ## - PUBLICATION, DISTRIBUTION, ETC. (IMPRINT)
Place of publication, distribution, etc New Delhi
Name of publisher, distributor, etc Sage Publications
Date of publication, distribution, etc 2018
270 ## - ADDRESS
Address B1/1-1, Mohan Cooperative Industrial Area
City Mathura Road,New Delhi
Postal code 110044
300 ## - PHYSICAL DESCRIPTION
Extent xvi,241p.
Dimensions 22cm(Hb)
500 ## - GENERAL NOTE
General note Includes index
700 ## - ADDED ENTRY--PERSONAL NAME
Personal name Jain, Sanjeev
700 ## - ADDED ENTRY--PERSONAL NAME
Personal name Sarin, Alok
942 ## - ADDED ENTRY ELEMENTS (KOHA)
Source of classification or shelving scheme Dewey Decimal Classification
Item type English Books
Classification part 303.695
Call number suffix LIN
Holdings
Withdrawn status Lost status Not for loan Collection code Home library Current library Date acquired Source of acquisition Cost, normal purchase price Full call number Barcode Copy number Cost, replacement price Koha item type
      Non-fiction Patel Nagar Patel Nagar 21/06/2019 DBAD/PUB 850.00 303.695 LIN EN-109237 1 850.00 English Books

© Delhi Public Library
Hit Counter
free hit counter